书目信息 |
| 题名: |
责任与担当
|
|
| 作者: | 赖小民 著 | |
| 分册: | ||
| 出版信息: | 北京 中国金融出版社 2017 |
|
| 页数: | 485页 | |
| 开本: | 26cm | |
| 丛书名: | ||
| 单 册: | ||
| 中图分类: | D622 | |
| 科图分类: | ||
| 主题词: | 人大代表--工作--中国 | |
| 电子资源: | ||
| ISBN: | 978-7-5049-9146-1 | |
| 000 | 00927nam0 2200241 450 | |
| 001 | 012001002095 | |
| 005 | 20140926114740.0 | |
| 010 | @a978-7-5049-9146-1@dCNY98.00 | |
| 100 | @a20180819d2017 em y0chiy50 ea | |
| 101 | 0 | @achi |
| 102 | @aCN@b110000 | |
| 105 | @aa z 000yy | |
| 106 | @ar | |
| 200 | 1 | @a责任与担当@9ze ren yu dan dang@dAccountability and responsibility@e我履职全国人大代表的五年@f赖小民著@zeng |
| 210 | @a北京@c中国金融出版社@d2017 | |
| 215 | @a485页@c彩图,彩照@d26cm | |
| 330 | @a本书内容包括:宏观经济篇:于家为国,展代表之情;金融改革篇:不忘初心,建睿智之言;金融资产管理公司篇:代言行业,献务实之策;湖南经济发展篇:履职尽责,寻发展之路;社情民意篇:心系苍生,言民众之思。 | |
| 510 | 1 | @aAccountability and responsibility@zeng |
| 606 | 0 | @a人大代表@x工作@y中国 |
| 690 | @aD622@v5 | |
| 701 | 0 | @a赖小民@9lai xiao min@4著 |
| 801 | 0 | @aCN@b上海新华@c20180901 |
| 905 | @b1157480-3@dD622@e101@f4 | |
| 责任与担当=Accountability and responsibility:我履职全国人大代表的五年/赖小民著.-北京:中国金融出版社,2017 |
| 485页:彩图,彩照;26cm |
| ISBN 978-7-5049-9146-1:CNY98.00 |
| 本书内容包括:宏观经济篇:于家为国,展代表之情;金融改革篇:不忘初心,建睿智之言;金融资产管理公司篇:代言行业,献务实之策;湖南经济发展篇:履职尽责,寻发展之路;社情民意篇:心系苍生,言民众之思。 |
| ● |
| 相关链接 |
|
|
|
|
正题名:责任与担当
索取号:D622/101
 
预约/预借
| 序号 | 登录号 | 条形码 | 馆藏地/架位号 | 状态 | 备注 |
| 1 | 1157480 | 211574802 | 密集书库-史法系/ [索取号:D622/101] | 在馆 | |
| 2 | 1157481 | 211574811 | 中国特色社会主义理论体系唐师研究基地/ [索取号:D622/101] | 在馆 | |
| 3 | 1157482 | 211574820 | 第一借阅区/ [索取号:D622/101] | 在馆 | |
| 4 | 1157483 | 211574839 | 第一样本阅览室/ [索取号:D622/101] | 在馆 |